| 000 | 00685nam a2200205 i 4500 | ||
|---|---|---|---|
| 001 | 30529 | ||
| 003 | ES-MaACL | ||
| 005 | 20230906154217.0 | ||
| 007 | t| | ||
| 008 | 030124s1975 sp ||||1| spa d | ||
| 100 | 1 |
_aBayet, Jean. _926667 |
|
| 245 | 1 | 0 |
_aLiteratura latina / _cJean Bayet ; prólogo José Alsina Clota ; [traducción del francés y del latín por Andrés Espinosa Alarcón]. |
| 250 | _a4ª ed. | ||
| 260 |
_aBarcelona : _bAriel, _c[1975] |
||
| 300 |
_a566 p. ; _c23 cm. |
||
| 650 | 0 | 4 |
_aLiteratura latina- _xHistoria y crítica. _914633 |
| 700 | 1 |
_aAlsina Clota, José. _920486 |
|
| 700 | 1 |
_aEspinosa Alarcón, Andrés. _947901 |
|
| 852 |
_aES-MaACL _jE-9736 _bR.93981 |
||
| 999 |
_c30529 _d30529 |
||